[Event "Westland (MEX/2)"]
[Site "?"]
[Date "1985.??.??"]
[Round "?"]
[White "Bassin, C.."]
[Black "Lindsay, F.."]
[Result "1/2-1/2"]
[WhiteElo "2120"]
[BlackElo "2330"]
[PlyCount "136"]
[EventDate "1985.??.??"]

1. e4 e6 2. d4 d5 3. Nc3 Bb4 4. e5 c5 5. a3 Bxc3+ 6. bxc3 Ne7 7. Nf3 Bd7 8. a4
Qa5 9. Qd2 Nbc6 10. Be2 Rc8 11. O-O cxd4 12. cxd4 Qxd2 13. Bxd2 Nf5 14. c3 Na5
15. Rfb1 Rc7 16. Rb4 O-O 17. Kf1 f6 18. Bb5 b6 19. Re1 Bxb5+ 20. axb5 Kf7 21.
Ke2 Rfc8 22. Ra1 h5 23. Rba4 Kg6 24. h3 h4 25. exf6 gxf6 26. Ne1 Nd6 27. Nf3
Kh5 28. Bf4 Nxb5 29. Rxa5 bxa5 30. Bxc7 Rxc7 31. Rxa5 Nxc3+ 32. Ke3 Ne4 33. Ra6
Re7 34. Rc6 Ng5 35. Nh2 Nf7 36. Nf3 Nh6 37. Rc8 Nf5+ 38. Kd3 Kg6 39. Rc6 Kf7
40. Ra6 Ke8 41. Nh2 Kf7 42. Nf3 Rb7 43. Kc3 Ke7 44. Kd3 Rc7 45. Kd2 Kd7 46. Kd3
Rb7 47. Kc2 Ke7 48. Kc1 Kf7 49. Kc2 Re7 50. Kd3 Kg7 51. Ra5 Kg6 52. Ra6 Kh5 53.
Kd2 Nh6 54. Ne1 Nf7 55. Nd3 Kg5 56. Ne1 Kh5 57. Nd3 Ng5 58. Ke3 Kg6 59. Kf4 Ne4
60. Kg4 f5+ 61. Kf4 Kf6 62. Ke3 Rb7 63. Nf4 Rb3+ 64. Ke2 Rb2+ 65. Ke3 Rb3+ 66.
Ke2 Rb6 67. Rxa7 Kg5 68. Nd3 Nc3+ 1/2-1/2

[Event "Westland (SEMO/2/2)"]
[Site "?"]
[Date "1985.??.??"]
[Round "?"]
[White "Barth, J.."]
[Black "Mazuchowski, Tom"]
[Result "1-0"]
[WhiteElo "2405"]
[BlackElo "2100"]
[PlyCount "59"]
[EventDate "1985.??.??"]

{2/(2)} 1. g3 g6 2. Bg2 Bg7 3. Nf3 Nf6 4. d4 O-O 5. c4 d6 6. Nc3 Nc6 7. O-O Bg4
8. d5 Na5 9. Nd2 c5 10. h3 Bd7 11. Qc2 e5 12. e4 b6 13. b3 Bh6 14. Nf3 Bxc1 15.
Raxc1 Ne8 16. Qd2 Qe7 17. Rce1 f6 18. Nh2 Nb7 19. Nd1 Nd8 20. Ne3 Nf7 21. f4
Kg7 22. a3 Nc7 23. b4 b5 24. bxc5 dxc5 25. fxe5 Qxe5 26. Neg4 Qxg3 27. Re3 Qd6
28. Rxf6 Qxf6 29. Nxf6 Kxf6 30. e5+ 1-0

[Event "Westland (SEMO/4/2)"]
[Site "?"]
[Date "1985.??.??"]
[Round "?"]
[White "Barth, J.."]
[Black "Avery, Robert W"]
[Result "1-0"]
[WhiteElo "2405"]
[BlackElo "2150"]
[PlyCount "119"]
[EventDate "1985.??.??"]

{4/(2)} 1. g3 d5 2. Bg2 e5 3. Nf3 e4 4. Nd4 c5 5. Nb3 Nf6 6. d3 exd3 7. cxd3
Nc6 8. Bg5 Be7 9. Nc3 Be6 10. Bxf6 Bxf6 11. Nxc5 Qa5 12. Nb3 Qd8 13. O-O b6 14.
e4 Bxc3 15. bxc3 O-O 16. d4 Rc8 17. Rc1 Qd7 18. Re1 f6 19. Qd3 g6 20. Qb5 Rfd8
21. h4 f5 22. exd5 Bxd5 23. Bxd5+ Qxd5 24. Qxd5+ Rxd5 25. Kf1 Kf7 26. Ke2 Rcd8
27. f4 R5d7 28. Kd3 Re8 29. Rxe8 Kxe8 30. Re1+ Re7 31. Rh1 h5 32. Nd2 Kd8 33.
Nc4 Re4 34. Nd6 Re7 35. Rf1 Kc7 36. Nc4 Re4 37. Rb1 Ne7 38. Ne5 Kb7 39. c4 Kc7
40. a4 Nc6 41. Nxc6 Kxc6 42. Rb5 Re1 43. Re5 Rd1+ 44. Kc3 Rc1+ 45. Kb3 Kd7 46.
d5 Rf1 47. Re3 Kd6 48. Re6+ Kc5 49. Rc6+ Kd4 50. a5 b5 51. d6 bxc4+ 52. Rxc4+
Ke3 53. Kb4 Rd1 54. Rc3+ Kd4 55. d7 Ke4 56. Rc7 a6 57. Kc5 Kf3 58. Kb6 Rd6+ 59.
Kb7 Kxg3 60. Kc8 1-0

[Event "East Detroit (MCO/6/36)"]
[Site "?"]
[Date "1985.??.??"]
[Round "?"]
[White "Ball, Ed"]
[Black "Turner, De"]
[Result "1-0"]
[WhiteElo "1605"]
[BlackElo "1605"]
[PlyCount "45"]
[EventDate "1985.??.??"]

{6/(36)} 1. d4 d5 2. c4 dxc4 3. e4 e5 4. Bxc4 exd4 5. Nf3 Nc6 6. Bb5 Bd7 7. O-O
a6 8. Bxc6 Bxc6 9. Nxd4 Bxe4 10. Re1 Nf6 11. Bg5 Bc5 12. Rxe4+ Kf8 13. Bxf6
Qxf6 14. Nf3 Qxb2 15. Nbd2 Rd8 16. Rb1 Qxa2 17. Rxb7 c6 18. Qb3 Qxb3 19. Nxb3
f5 20. Re1 Bd6 21. Ng5 Kg8 22. Nf7 Rb8 23. Nxh8 1-0

[Event "East Detroit (MCO/3/20)"]
[Site "?"]
[Date "1985.??.??"]
[Round "?"]
[White "Ball, Ed"]
[Black "Riggins, D.."]
[Result "0-1"]
[WhiteElo "1605"]
[BlackElo "2065"]
[PlyCount "98"]
[EventDate "1985.??.??"]

{3/(20)} 1. d4 Nf6 2. c4 e5 3. dxe5 Ng4 4. Nf3 Bc5 5. e3 Nc6 6. b3 Bb4+ 7. Bd2
Qe7 8. Bxb4 Qxb4+ 9. Qd2 Ngxe5 10. Nxe5 Qxd2+ 11. Nxd2 Nxe5 12. Be2 d6 13. O-O
O-O 14. Rae1 Re8 15. Nf3 Bf5 16. Nxe5 Rxe5 17. Rd1 Kf8 18. Bd3 a5 19. Bxf5 Rxf5
20. a4 Ra6 21. e4 Re5 22. f3 Ke7 23. Rd5 Rb6 24. Rb1 Ke6 25. Kf2 f5 26. exf5+
Kxf5 27. Rxe5+ Kxe5 28. Ke3 d5 29. f4+ Ke6 30. cxd5+ Kxd5 31. g3 c5 32. Kd3 Re6
33. Rb2 g6 34. Rd2 Kc6 35. Kc3 b5 36. axb5+ Kxb5 37. Kb2 Kb4 38. Rc2 Re4 39.
Rc1 Re2+ 40. Rc2 Re4 41. Rc1 a4 42. bxa4 c4 43. Rc2 Re3 44. Kb1 c3 45. Ka2 Kxa4
46. Rc1 Re2+ 47. Kb1 Kb3 48. Rh1 Rb2+ 49. Ka1 c2 0-1

[Event "East Detroit (MCO/2/20)"]
[Site "?"]
[Date "1985.??.??"]
[Round "?"]
[White "Ball, Ed"]
[Black "Mitchell, S.."]
[Result "0-1"]
[WhiteElo "1605"]
[BlackElo "1960"]
[PlyCount "62"]
[EventDate "1985.??.??"]

{2/(20)} 1. d4 Nf6 2. c4 c5 3. d5 e6 4. dxe6 fxe6 5. Nc3 d5 6. Bg5 d4 7. Ne4
Be7 8. Bxf6 Bxf6 9. g3 O-O 10. Bg2 Nc6 11. Nf3 e5 12. O-O b6 13. Re1 Bb7 14.
Qa4 Ne7 15. Nxf6+ gxf6 16. Qc2 e4 17. Nd2 f5 18. g4 Qd7 19. gxf5 Qxf5 20. Nxe4
Kh8 21. Rf1 Rg8 22. f3 Rg6 23. Qd3 Rag8 24. Rf2 Qf4 25. Qd2 Qe3 26. Kf1 Bxe4
27. Qd1 Bf5 28. Qa4 Bh3 29. Rd1 Rxg2 30. Rxg2 Bxg2+ 31. Ke1 Bxf3 0-1

[Event "Westland (SEMO Res/5/31)"]
[Site "?"]
[Date "1985.??.??"]
[Round "?"]
[White "Ball, Ed"]
[Black "McGinniss, M.."]
[Result "1/2-1/2"]
[WhiteElo "1605"]
[BlackElo "1605"]
[PlyCount "95"]
[EventDate "1985.??.??"]

{5/(31)} 1. e4 e6 2. Nf3 Nf6 3. d3 b6 4. Nc3 Bb7 5. Be2 Bb4 6. Bd2 O-O 7. O-O
d5 8. exd5 exd5 9. a3 Be7 10. d4 Ne4 11. Re1 Nxd2 12. Qxd2 a5 13. Bb5 c6 14.
Ba4 b5 15. Bb3 a4 16. Ba2 b4 17. axb4 Bxb4 18. Ne5 Nd7 19. Nd3 Qa5 20. Nxb4
Qxb4 21. b3 a3 22. Rad1 Nf6 23. Na4 Qxd2 24. Rxd2 Ne4 25. Rdd1 Rfe8 26. f3 Nd6
27. Rxe8+ Rxe8 28. Kf2 Nb5 29. Rd3 f5 30. Re3 Rxe3 31. Kxe3 Kf7 32. c4 Nd6 33.
cxd5 cxd5 34. Nc5 Bc6 35. f4 Nb5 36. Na4 Ke7 37. Kd3 Kd6 38. Nc3 Nc7 39. b4
Bb5+ 40. Nxb5+ Nxb5 41. g3 Kc6 42. Bb3 Nd6 43. Ba4+ Kb6 44. Bb3 Nc4 45. Kc3 Kb5
46. Ba2 Ka4 47. Bb3+ Kb5 48. Ba2 1/2-1/2

[Event "Westland (SEMO Res/2/42)"]
[Site "?"]
[Date "1985.??.??"]
[Round "?"]
[White "Ball, Ed"]
[Black "Downing, J.."]
[Result "1-0"]
[WhiteElo "1605"]
[BlackElo "1605"]
[PlyCount "129"]
[EventDate "1985.??.??"]

{2/(42)} 1. e4 e5 2. Nf3 Nc6 3. Bb5 Nf6 4. Bxc6 dxc6 5. d3 Bc5 6. Nxe5 Qd4 7.
Be3 Qxe5 8. d4 Bxd4 9. Bxd4 Qxe4+ 10. Kf1 Qd5 11. Nc3 Qc4+ 12. Qe2+ Be6 13.
Bxf6 gxf6 14. Re1 Qxe2+ 15. Rxe2 O-O-O 16. Ke1 Rhg8 17. g3 Bd5 18. Nxd5 Rxd5
19. f4 Rgd8 20. Kf2 Rd2 21. Kf3 b5 22. a3 a5 23. a4 Rd1 24. Rxd1 Rxd1 25. Ke3
Ra1 26. axb5 cxb5 27. b3 a4 28. bxa4 bxa4 29. c3 a3 30. Kd4 Rb1 31. Ra2 Rb3 32.
h4 Kb7 33. Kc4 Rb2 34. Rxa3 Rg2 35. Rb3+ Kc8 36. Rb5 Rxg3 37. Rf5 Kd7 38. Rxf6
Ke7 39. Rh6 Rg4 40. Rxh7 Rxf4+ 41. Kb3 Kf6 42. c4 Kg6 43. Rh8 Re4 44. Rc8 Re7
45. Rh8 f5 46. Rf8 Rf7 47. Rxf7 Kxf7 48. Kc3 f4 49. Kd4 Kg6 50. Ke4 Kh5 51.
Kxf4 Kxh4 52. Ke5 Kg4 53. c5 Kg5 54. Ke6 Kf4 55. c6 Ke4 56. Kd7 Kd5 57. Kxc7
Kc5 58. Kb7 Kd6 59. c7 Kd7 60. c8=Q+ Kd6 61. Qf5 Ke7 62. Kc6 Ke8 63. Qh7 Kf8
64. Kd6 Ke8 65. Qe7# 1-0

[Event "Westland (SEMO Res/5/26)"]
[Site "?"]
[Date "1985.??.??"]
[Round "?"]
[White "Baker, R.."]
[Black "Stefanski, Mark"]
[Result "1-0"]
[WhiteElo "1675"]
[BlackElo "1605"]
[PlyCount "119"]
[EventDate "1985.??.??"]

{5/(26)} 1. Nf3 d5 2. g3 Bg4 3. Bg2 c5 4. d4 Nc6 5. O-O Bxf3 6. Bxf3 Nxd4 7.
Bg2 e6 8. c4 Nf6 9. Nc3 dxc4 10. Bxb7 Rb8 11. Bg2 Rb6 12. e3 Nf5 13. Qa4+ Qd7
14. Qxc4 Be7 15. Rd1 Rd6 16. Rxd6 Nxd6 17. Qxc5 O-O 18. Qd4 Rd8 19. e4 Qc7 20.
Bf4 Ng4 21. h3 Bf6 22. e5 Nf5 23. exf6 Nxd4 24. Bxc7 Rd7 25. Ba5 Nxf6 26. Rc1
h6 27. Kh2 g6 28. Ne4 Nxe4 29. Bxe4 Kh7 30. Rc7 Rxc7 31. Bxc7 f5 32. Bb7 Nc2
33. Be5 Kg8 34. Bc3 Kf7 35. Ba6 e5 36. Bxe5 Nb4 37. Bc4+ Ke8 38. Kg2 Ke7 39.
Kf3 Nc6 40. Bc3 Kd6 41. Bb5 Ne5+ 42. Bxe5+ Kxe5 43. Ke3 g5 44. f4+ Kd5 45. Bd7
Kd6 46. Bxf5 Ke7 47. Ke4 gxf4 48. gxf4 Kf6 49. b4 Ke7 50. a4 Kd6 51. Bg4 Kc6
52. Ke5 Kb6 53. Kd6 a6 54. f5 Kb7 55. f6 a5 56. b5 h5 57. Bd7 h4 58. f7 Kb6 59.
f8=Q Ka7 60. Bc6 1-0

[Event "Westland (SEMO Res/2/33)"]
[Site "?"]
[Date "1985.??.??"]
[Round "?"]
[White "Baker, R.."]
[Black "Fulton, G.."]
[Result "1/2-1/2"]
[WhiteElo "1675"]
[BlackElo "1605"]
[PlyCount "81"]
[EventDate "1985.??.??"]

{2/(33)} 1. Nf3 Nc6 2. e4 e5 3. Bc4 Nf6 4. Ng5 d5 5. exd5 Nxd5 6. d3 Be7 7. Nf3
Be6 8. O-O Nf4 9. Nxe5 Nxe5 10. Bxf4 Nxc4 11. dxc4 Bxc4 12. Re1 Qxd1 13. Rxd1
O-O 14. Bxc7 Rfe8 15. Nc3 Bf6 16. Ba5 Rac8 17. Rab1 b6 18. Bb4 a5 19. Bd6 h6
20. Nd5 Bxd5 21. Rxd5 Rxc2 22. Rb5 Rxb2 23. h3 Rxb1+ 24. Rxb1 Bd8 25. Kf1 Re6
26. Rd1 Kh7 27. Rd5 g5 28. f3 Be7 29. Bg3 Kg6 30. f4 Rf6 31. Ke2 gxf4 32. Bf2
h5 33. Kf3 Rf5 34. Rxf5 Kxf5 35. Bxb6 a4 36. Bc7 Bg5 37. g4+ hxg4+ 38. hxg4+
Kg6 39. Bxf4 Bxf4 40. Kxf4 Kf6 41. Ke4 1/2-1/2

[Event "East Lansing (MI Op/5/3)"]
[Site "?"]
[Date "1985.??.??"]
[Round "?"]
[White "Bailey, Greg"]
[Black "Wygrecki, J.."]
[Result "0-1"]
[WhiteElo "2065"]
[BlackElo "2220"]
[PlyCount "104"]
[EventDate "1985.??.??"]

{5/(3)} 1. d4 Nf6 2. g3 d5 3. Bg2 Bf5 4. c4 e6 5. cxd5 exd5 6. Nc3 c6 7. Nf3
Bd6 8. Bf4 Bxf4 9. gxf4 Ne4 10. Nxe4 Bxe4 11. O-O Qc7 12. Ne5 Bxg2 13. Kxg2 Nd7
14. e3 Nf6 15. b4 Ne4 16. f3 Nd6 17. Qe2 f6 18. Nd3 O-O 19. e4 Rae8 20. e5 Nf5
21. Qf2 Qb6 22. Nc5 Qxb4 23. Rab1 Qxd4 24. Qxd4 Nxd4 25. Rxb7 fxe5 26. fxe5
Rxe5 27. Nd7 Rg5+ 28. Kh3 Re8 29. f4 Re3+ 30. Kh4 Rg2 31. Rb8+ Kf7 32. Ne5+ Ke7
33. Rb7+ Ke6 34. Ng4 Nf5+ 35. Kg5 h6+ 36. Kg6 Rxg4+ 37. Kh7 Ra3 38. h3 Rgg3 39.
h4 Rxa2 40. h5 d4 41. Re1+ Re3 42. Rg1 d3 43. Rg6+ Kd5 44. Rd7+ Ke4 45. Rxc6 d2
46. Kg6 Rg3+ 47. Kh7 Nd4 48. Re7+ Kd3 49. Rd6 d1=Q 50. Rxd4+ Kxd4 51. Rd7+ Ke4
52. Rxd1 Kxf4 0-1

[Event "East Lansing (MI Op/2/13)"]
[Site "?"]
[Date "1985.??.??"]
[Round "?"]
[White "Bailey, Greg"]
[Black "Proszkow, T.."]
[Result "1-0"]
[WhiteElo "2065"]
[BlackElo "1735"]
[PlyCount "99"]
[EventDate "1985.??.??"]

{2/(13)} 1. d4 Nf6 2. Nf3 g6 3. Bg5 Bg7 4. c4 h6 5. Bf4 O-O 6. Nc3 d6 7. Qd2
Kh7 8. e4 Nbd7 9. Rd1 Qe8 10. Be2 e5 11. dxe5 dxe5 12. Be3 b6 13. Qc2 Bb7 14.
O-O Rd8 15. h3 Nh5 16. Nb5 Rc8 17. Nxa7 Ra8 18. Nb5 Rxa2 19. Nxc7 Qc8 20. Nd5
Bxd5 21. Rxd5 Nhf6 22. Rb5 Qc6 23. Rd1 Rc8 24. Qb1 Rca8 25. Bd3 Ne8 26. Bf1 Nc7
27. Rb3 Nc5 28. Bxc5 bxc5 29. Qd3 Ne6 30. Qd5 Qa4 31. Qb7 Ra7 32. Qb5 Nd4 33.
Qxa4 R2xa4 34. Nxd4 exd4 35. f4 Bf8 36. Rb6 Rc7 37. Bd3 Bg7 38. e5 Re7 39. Rc6
Ra5 40. Re1 Kg8 41. Kf2 Rb7 42. Re2 Bf8 43. e6 Ra2 44. exf7+ Kxf7 45. Bxg6+ Kg7
46. f5 d3 47. Rd2 Rbxb2 48. Rc7+ Kh8 49. Rxb2 Rxb2+ 50. Ke3 1-0

[Event "East Lansing (MI Op/7/9)"]
[Site "?"]
[Date "1985.??.??"]
[Round "?"]
[White "Bailey, Greg"]
[Black "Owens, James"]
[Result "1-0"]
[WhiteElo "2065"]
[BlackElo "1860"]
[PlyCount "85"]
[EventDate "1985.??.??"]

{7/(9)} 1. d4 Nf6 2. c4 e6 3. g3 d5 4. cxd5 exd5 5. Nc3 Bd6 6. Bg2 c6 7. Nf3
O-O 8. Qc2 Re8 9. O-O b6 10. Bg5 h6 11. Bd2 Re7 12. Nh4 Qe8 13. Rfe1 Na6 14. a3
Nc7 15. Nf5 Bxf5 16. Qxf5 Ne6 17. Qd3 Rd8 18. Rac1 Bb8 19. b4 Ne4 20. Be3 N6g5
21. h4 Nxc3 22. Qxc3 Ne4 23. Bxe4 Rxe4 24. Kg2 Rd6 25. Bf4 Rxf4 26. gxf4 Rg6+
27. Kf1 Bxf4 28. e3 Bh2 29. h5 Rg5 30. Qxc6 Qe4 31. Qc8+ Kh7 32. Qc2 Qxc2 33.
Rxc2 Rxh5 34. Kg2 Bd6 35. Rc6 Rg5+ 36. Kf3 Rg6 37. Rh1 Rf6+ 38. Ke2 Kg6 39. f3
Kf5 40. b5 Ke6 41. e4 Kd7 42. e5 Re6 43. Rxd6+ 1-0

[Event "Westland (SEMO/5/12)"]
[Site "?"]
[Date "1985.??.??"]
[Round "?"]
[White "Bailey, Greg"]
[Black "Libby, Dan"]
[Result "1/2-1/2"]
[WhiteElo "2065"]
[BlackElo "1700"]
[PlyCount "87"]
[EventDate "1985.??.??"]

{5/(12)} 1. e4 g6 2. c4 c5 3. Nc3 Bg7 4. Nf3 Nc6 5. Be2 e5 6. d3 Nge7 7. Be3
Nd4 8. O-O O-O 9. Qd2 d6 10. h3 f5 11. Bxd4 cxd4 12. Nd5 Nxd5 13. cxd5 f4 14.
Rfc1 Bd7 15. Rc2 Rc8 16. Rac1 Rxc2 17. Rxc2 h6 18. Nh2 h5 19. Qb4 Qb8 20. Nf3
Bf6 21. Nd2 Be7 22. Nc4 Re8 23. Bd1 Bf8 24. a4 Bxa4 25. Qxa4 b5 26. Qb3 bxc4
27. Qxb8 Rxb8 28. dxc4 Rb4 29. Be2 Kf7 30. Kf1 Ke8 31. Ke1 Kd7 32. Kd1 Be7 33.
Kc1 Kc7 34. f3 Kb6 35. Kb1 Kc5 36. Ka2 a5 37. Bd3 Bd8 38. Rc1 h4 39. Kb1 g5 40.
Kc2 Bc7 41. Ra1 Bd8 42. Ra3 Bc7 43. Rb3 Bd8 44. Ra3 1/2-1/2

[Event "Westland (SEMO/2/11)"]
[Site "?"]
[Date "1985.??.??"]
[Round "?"]
[White "Bailey, Greg"]
[Black "Goldman, S.."]
[Result "0-1"]
[WhiteElo "2065"]
[BlackElo "1865"]
[PlyCount "102"]
[EventDate "1985.??.??"]

{2/(11)} 1. d4 Nf6 2. Nf3 g6 3. Bg5 Bg7 4. e3 d5 5. c4 Ne4 6. Bf4 O-O 7. cxd5
Qxd5 8. Bxc7 Qc6 9. Ba5 Na6 10. Nc3 b6 11. Nxe4 bxa5 12. Nc3 Rb8 13. Qd2 Bg4
14. Be2 Rfd8 15. O-O Nb4 16. Rac1 Qd7 17. a3 Nd5 18. Nxd5 Qxd5 19. Rc7 Rd7 20.
Rxd7 Qxd7 21. Rd1 a4 22. h3 Bf5 23. g4 Be4 24. Ng5 Bd5 25. Rc1 Qb7 26. Qb4 Qxb4
27. axb4 h6 28. Nf3 Rxb4 29. Rc8+ Kh7 30. Rc2 Bf6 31. Kf1 Rb7 32. Ke1 e6 33.
Ne5 Bd8 34. Bd3 Bg2 35. Bf1 a3 36. b4 Bxf1 37. Kxf1 Rxb4 38. Nc4 Ra4 39. Ra2
Rxc4 40. Rxa3 Bb6 41. Ke2 Kg7 42. Kd3 Rc1 43. f4 Rh1 44. Ke4 Rxh3 45. f5 exf5+
46. gxf5 gxf5+ 47. Ke5 h5 48. d5 Rxe3+ 49. Rxe3 Bxe3 50. d6 Kf8 51. Kxf5 Bc5
0-1

[Event "Westland (SEMO/4/11)"]
[Site "?"]
[Date "1985.??.??"]
[Round "?"]
[White "Bailey, Greg"]
[Black "Eagle, Chris"]
[Result "0-1"]
[WhiteElo "2065"]
[BlackElo "1940"]
[PlyCount "70"]
[EventDate "1985.??.??"]

{4/(11)} 1. d4 Nf6 2. c4 c5 3. Nf3 cxd4 4. Nxd4 d5 5. cxd5 Nxd5 6. e4 Nf6 7.
Nc3 e5 8. Ndb5 Qxd1+ 9. Kxd1 Ng4 10. Ke2 Na6 11. f3 Nf6 12. Be3 Be7 13. Bxa7
O-O 14. Kf2 Rxa7 15. Nxa7 Bc5+ 16. Ke2 Bxa7 17. Nb5 Bb6 18. a4 Be6 19. Kd2 Nc5
20. Kc2 Bb3+ 21. Kb1 Rd8 22. Nc3 Ba5 23. Bb5 Rd2 24. Rg1 Nfd7 25. Ra3 Nb6 26.
h4 Bb4 27. Ra1 Nc4 28. Bxc4 Bxc4 29. Nb5 Nd3 30. Ra2 Bxa2+ 31. Kxa2 Rxb2+ 32.
Ka1 Rc2 33. Kb1 Re2 34. Rd1 Re1 35. Rxe1 Bxe1 0-1

[Event "East Lansing (MI Op/4/3)"]
[Site "?"]
[Date "1985.??.??"]
[Round "?"]
[White "Bailey, Greg"]
[Black "Czuhai, Kevin"]
[Result "1-0"]
[WhiteElo "2065"]
[BlackElo "2225"]
[PlyCount "80"]
[EventDate "1985.??.??"]

{4/(3)} 1. d4 Nf6 2. g3 g6 3. Bg2 d5 4. Nf3 Bg7 5. c4 O-O 6. cxd5 Nxd5 7. O-O
Nc6 8. e4 Nb6 9. d5 Nb4 10. a3 Na6 11. Nc3 Bd7 12. Bf4 c6 13. Re1 Rc8 14. Rc1
Re8 15. Re2 cxd5 16. exd5 Nc4 17. Nd4 Bg4 18. Nf3 Qa5 19. h3 Bxf3 20. Bxf3 Nxb2
21. Rxb2 Rxc3 22. Rxc3 Bxc3 23. Rxb7 Nc5 24. Rb8 Rxb8 25. Bxb8 Nd7 26. d6 e6
27. Bc7 Qa6 28. Qb3 Bd4 29. a4 Ne5 30. Bd1 Qc6 31. Qb8+ Kg7 32. Qb5 Qe4 33. Qe2
Qd5 34. a5 Bc5 35. Bb8 a6 36. Kh2 Bxd6 37. Ba7 Nc6 38. Be3 Qxa5 39. Qc2 Ne7 40.
Qc1 h5 $138 1-0

[Event "East Lansing (MI Op/1a/6)"]
[Site "?"]
[Date "1985.??.??"]
[Round "?"]
[White "Bagherabadi, Mohammed"]
[Black "Triplett, Thomas"]
[Result "1-0"]
[WhiteElo "2085"]
[BlackElo "1870"]
[PlyCount "83"]
[EventDate "1985.??.??"]

1. d4 d5 2. e4 e6 3. Nc3 c5 4. e5 cxd4 5. Qxd4 Nc6 6. Bb5 Bd7 7. Bxc6 Bxc6 8.
Nf3 h6 9. Be3 Ne7 10. g4 Qc7 11. b4 a6 12. a4 Ng6 13. h4 h5 14. Rg1 Be7 15. Kd2
Bd7 16. Ne2 Rc8 17. c3 Qb8 18. gxh5 Rc4 19. Qa7 Qxa7 20. Bxa7 Nxh4 21. Nfd4 g5
22. hxg6 Nxg6 23. f4 Kd8 24. b5 Kc7 25. a5 axb5 26. Bb6+ Kb8 27. a6 bxa6 28.
Rxa6 Ra4 29. Rxa4 bxa4 30. Ba5 Kb7 31. Bb4 Bh4 32. Bd6 Ka6 33. Rb1 Be7 34. Bxe7
Nxe7 35. Nc1 Rh1 36. Rb8 Ng6 37. Nd3 Ka7 38. Rd8 a3 39. Rxd7+ Ka8 40. Nc6 Rh2+
41. Ke1 Rh1+ 42. Kf2 1-0

[Event "Westland (MEX/2)"]
[Site "?"]
[Date "1985.??.??"]
[Round "?"]
[White "Bagherabadi, Mohammed"]
[Black "Thomas, Carlton"]
[Result "1-0"]
[WhiteElo "2085"]
[BlackElo "2045"]
[PlyCount "205"]
[EventDate "1985.??.??"]

1. d4 Nf6 2. Nc3 g6 3. e4 d6 4. Be2 Bg7 5. Be3 O-O 6. g4 c5 7. d5 a6 8. a4 e6
9. h4 exd5 10. exd5 Qa5 11. Kf1 Qb4 12. g5 Ng4 13. Ra3 Nxe3+ 14. fxe3 f6 15.
Rb3 Qa5 16. Nf3 fxg5 17. hxg5 Bg4 18. Kg2 Qd8 19. Ne4 Qe7 20. Ned2 Nd7 21. Rxb7
Qxe3 22. Qe1 Rae8 23. Bd1 Bxf3+ 24. Nxf3 Qxe1 25. Rxe1 Rxe1 26. Nxe1 Ne5 27.
Nf3 Nc4 28. Be2 Ne3+ 29. Kg3 Nxc2 30. Bxa6 Nb4 31. Rb6 Rd8 32. b3 Bc3 33. Bc4
Nc2 34. Rb7 Re8 35. Rd7 Re3 36. Kg4 Re4+ 37. Kg3 Ne3 38. Bd3 Rb4 39. Rxd6 Rxb3
40. Rd8+ Kf7 41. Ra8 Ke7 42. Bb5 Nf5+ 43. Kg4 Rb4+ 44. Kh3 Rf4 45. Re8+ Kf7 46.
Kg2 Nd6 47. Ne5+ Bxe5 48. Rxe5 c4 49. Re6 Nf5 50. Rf6+ Kg7 51. Rc6 Ne3+ 52. Kg3
Rd4 53. Kf3 Nxd5 54. Bxc4 Rf4+ 55. Ke2 Rf5 56. Kd2 Rxg5 57. a5 Nb4 58. Rc7+ Kf6
59. Rf7+ Ke5 60. Kc3 Nc6 61. a6 Rg3+ 62. Kb2 Kd4 63. Bb5 Rg2+ 64. Ka3 Rg1 65.
Rxh7 Ra1+ 66. Kb2 Ra5 67. Bf1 Nb4 68. Rd7+ Kc5 69. Rc7+ Kd6 70. Rg7 Nxa6 71.
Rxg6+ Ke5 72. Bxa6 Rc5 73. Kb3 Kf5 74. Rh6 Kg5 75. Rh8 Kg6 76. Bc4 Kg7 77. Rh1
Kg6 78. Kc3 Rg5 79. Bd3+ Kf6 80. Kd4 Rg2 81. Rh6+ Kf7 82. Ke5 Rb2 83. Rh7+ Kg8
84. Ra7 Rb6 85. Bf5 Rh6 86. Kf4 Kf8 87. Bh7 Rf6+ 88. Ke5 Rf7 89. Ra8+ Kg7 90.
Bf5 Rb7 91. Be6 Rb5+ 92. Bd5 Rb1 93. Rg8+ Kh7 94. Rg2 Rb5 95. Ke6 Kh6 96. Be4
Kh5 97. Bf5 Rb6+ 98. Ke5 Kh4 99. Kf4 Rb4+ 100. Be4 Kh3 101. Rd2 Ra4 102. Rd8
Kh2 103. Rd1 1-0

[Event "East Lansing (MI Op/6/6)"]
[Site "?"]
[Date "1985.??.??"]
[Round "?"]
[White "Bagherabadi, Mohammed"]
[Black "Marfia, J.."]
[Result "0-1"]
[WhiteElo "2085"]
[BlackElo "2140"]
[PlyCount "64"]
[EventDate "1985.??.??"]

{6/(6)} 1. d4 Nf6 2. Nc3 d5 3. Bg5 Nbd7 4. f3 c5 5. dxc5 Qa5 6. Qd2 e5 7. e4
Bxc5 8. Nxd5 Qxd2+ 9. Bxd2 Nxd5 10. exd5 O-O 11. c4 Nb6 12. O-O-O Bf5 13. g4
Bg6 14. h4 h6 15. Re1 Rac8 16. b3 Bd4 17. f4 exf4 18. Bg2 Rfd8 19. Re7 Nxd5 20.
Rxb7 Ne3 21. Bf3 Nxc4 22. bxc4 Rxc4+ 23. Kd1 Be3 24. Rb2 Rcd4 25. Rh2 Bxg1 26.
Rg2 Be3 27. h5 Be4 28. Bxe4 Rxe4 29. Kc1 f3 30. Rg3 Rxd2 31. Rxd2 f2 32. Rf3
Rf4 0-1

[Event "Westland (MEX/4)"]
[Site "?"]
[Date "1985.??.??"]
[Round "?"]
[White "Bagherabadi, Mohammed"]
[Black "Groisser, D.."]
[Result "1-0"]
[WhiteElo "2085"]
[BlackElo "2055"]
[PlyCount "81"]
[EventDate "1985.??.??"]

1. d4 Nf6 2. Nc3 d5 3. e4 dxe4 4. f3 exf3 5. Nxf3 g6 6. Bc4 Bg7 7. O-O O-O 8.
Qe1 Bg4 9. Qh4 Nc6 10. Ne2 Bxf3 11. Rxf3 Qd7 12. Bg5 h6 13. Bxh6 Qg4 14. Qxg4
Nxg4 15. Bxg7 Kxg7 16. Raf1 e6 17. c3 Rad8 18. a3 Na5 19. Ba2 Nh6 20. Nf4 Kg8
21. Nd3 Nc6 22. h3 b6 23. g4 Rde8 24. Re3 Re7 25. Rfe1 Rd7 26. b4 a5 27. b5 Ne7
28. Rxe6 Nd5 29. Bxd5 Rxd5 30. R6e5 Rd7 31. Re7 Rfd8 32. Rxd7 Rxd7 33. Re8+ Kg7
34. Ne5 Rd5 35. a4 g5 36. Re7 Kf6 37. Rxc7 Ke6 38. Nc4 Ng8 39. Nxb6 Rd6 40. Nc4
Rd8 41. b6 1-0

[Event "East Lansing (MI Op/4/6)"]
[Site "?"]
[Date "1985.??.??"]
[Round "?"]
[White "Bagherabadi, Mohammed"]
[Black "Fischvogt, Eric"]
[Result "0-1"]
[WhiteElo "2085"]
[BlackElo "2160"]
[PlyCount "68"]
[EventDate "1985.??.??"]

{4/(6)} 1. d4 d5 2. e4 dxe4 3. Nc3 Nf6 4. f3 exf3 5. Nxf3 g6 6. Bc4 Bg7 7. O-O
O-O 8. Bg5 Bg4 9. Qd2 Nc6 10. Rad1 a6 11. a4 Qd6 12. h3 Bxf3 13. Rxf3 Rad8 14.
Qf2 Nxd4 15. Rfd3 c5 16. b4 Qb8 17. Bxf6 exf6 18. Ne4 Qe5 19. Nxc5 Ne2+ 20. Kh1
Ng3+ 21. Qxg3 Qxg3 22. Rxd8 f5 23. Rxf8+ Bxf8 24. Nxb7 Bxb4 25. Bxa6 f4 26. Be2
Qf2 27. Bf3 Be1 28. Rxe1 Qxe1+ 29. Kh2 f5 30. a5 g5 31. a6 g4 32. hxg4 fxg4 33.
Bd5+ Kg7 34. a7 h5 0-1

[Event "Westland (SEMO Res/3/28)"]
[Site "?"]
[Date "1985.??.??"]
[Round "?"]
[White "Bachmayer, C.."]
[Black "Leonard, K.."]
[Result "0-1"]
[WhiteElo "1765"]
[BlackElo "1605"]
[PlyCount "114"]
[EventDate "1985.??.??"]

{3/(28)} 1. d4 b6 2. e4 Bb7 3. Bd3 e6 4. Nd2 Nf6 5. f4 c5 6. c3 Nc6 7. Ngf3 Qc7
8. e5 Nd5 9. Ne4 d6 10. O-O Be7 11. Qe2 O-O-O 12. a3 Qd7 13. Bd2 dxe5 14. fxe5
Nc7 15. Be3 Na5 16. Rfd1 Nb3 17. Rab1 cxd4 18. cxd4 f5 19. exf6 gxf6 20. Bc4
Bxe4 21. Bxb3 Bxb1 22. Rxb1 Bd6 23. Rc1 Kb8 24. Nd2 Qb5 25. Qxb5 Nxb5 26. Bxe6
Rhe8 27. d5 Nc7 28. Nc4 Be5 29. Nxe5 fxe5 30. Bg5 Nxe6 31. dxe6 Rc8 32. Rxc8+
Kxc8 33. e7 Kd7 34. Kf2 Rc8 35. Kf3 Rc4 36. g3 a6 37. Bf6 b5 38. h4 h5 39. Ke3
Rc2 40. e8=Q+ Kxe8 41. Bxe5 Ke7 42. Kf3 Rc4 43. b3 Rg4 44. Bf4 Kf6 45. Ke4 Ke6
46. Kd4 Kf5 47. Ke3 Rg8 48. Kd4 Re8 49. a4 b4 50. Bd6 Rd8 51. Kc5 Rxd6 52. Kxd6
Kg4 53. Ke5 Kxg3 54. a5 Kxh4 55. Kf4 Kh3 56. Kg5 h4 57. Kf4 Kg2 0-1

[Event "Westland (SEMO Res/1b/13)"]
[Site "?"]
[Date "1985.??.??"]
[Round "?"]
[White "Bachmayer, C.."]
[Black "Ball, Ed"]
[Result "1-0"]
[WhiteElo "1765"]
[BlackElo "1605"]
[PlyCount "87"]
[EventDate "1985.??.??"]

1. d4 d5 2. Nf3 Nf6 3. e3 Nc6 4. Bd3 e6 5. c3 Be7 6. Nbd2 O-O 7. Qe2 Bd7 8. O-O
Bd6 9. e4 dxe4 10. Nxe4 Re8 11. Nxf6+ Qxf6 12. Bg5 Qg6 13. Bxg6 hxg6 14. Ne5
Nxe5 15. dxe5 Be7 16. Bxe7 Rxe7 17. Rad1 Bc6 18. Rd4 Ree8 19. Rfd1 a6 20. a4
Rac8 21. Qe3 Bd5 22. c4 Bc6 23. b3 b5 24. cxb5 axb5 25. Qc3 Bd5 26. a5 c6 27.
b4 Ra8 28. Qc5 Ra6 29. h3 Rea8 30. Rc1 Rc8 31. Qe7 Rca8 32. Rf4 R6a7 33. Qd6
Ra6 34. Qe7 R6a7 35. Qg5 Re8 36. h4 Kh8 37. h5 gxh5 38. Qxh5+ Kg8 39. Rh4 Kf8
40. Qh8+ Ke7 41. Qxg7 Raa8 42. Qf6+ Kd7 43. Qxf7+ Kd8 44. Rh7 1-0